Оптика. Атомная и ядерная физика: учебно-методическое пособие

Մատենագիտական մանրամասներ
Հիմնական հեղինակ: Поздеева Э. В. Эльвира Вадимовна
Համատեղ հեղինակ: Национальный исследовательский Томский политехнический университет (ТПУ)
Այլ հեղինակներ: Семкина Л. И. Людмила Иосифовна, Шошин Э. Б. Эдуард Борисович
Ամփոփում:В данном пособии приведено структурированное содержание основных разделов и тем дисциплины Б2.Б2.3 «Физика 3», изучаемой студентами в течение третьего учебного семестра, с методическими указаниями по каждой теме. Изложены темы практических занятий и лабораторных работ. Даны методические указания по выполнению двух контрольных индивидуальных заданий, приведено большое число примеров решения задач с подробными объяснениями, а также варианты задач для выполнения индивидуальных заданий № 5 и 6. Представлен подробный список рекомендуемой литературы. Предназначено для студентов ИПР, ИФВТ и ИК, обучающихся по направлениям 200500 «Метрология, стандартизация и сертификация», 240100 «Химическая технология», 240700 «Биотехнология», 241000 «Энерго- и ресурсосберегающие процессы в химической технологии, нефтехимии и биологии», 022000 «Экология и природопользование», 280100 «Природообустройство и водопользование», 240801 «Машины и аппараты химических производств»
Լեզու:ռուսերեն
Հրապարակվել է: Томск, Изд-во ТПУ, 2013
Խորագրեր:
Ձևաչափ: Գիրք
KOHA link:https://koha.lib.tpu.ru/cgi-bin/koha/opac-detail.pl?biblionumber=252542

MARC

LEADER 00000nam0a2200000 4500
001 252542
005 20231101232748.0
035 |a (RuTPU)RU\TPU\book\274890 
090 |a 252542 
100 |a 20140304d2013 m y0rusy50 ca 
101 0 |a rus 
102 |a RU 
105 |a a j 001zy 
200 1 |a Оптика. Атомная и ядерная физика  |e учебно-методическое пособие  |f Э. В. Поздеева, Л. И. Семкина, Э. Б. Шошин  |g Национальный исследовательский Томский политехнический университет (ТПУ) 
210 |a Томск  |c Изд-во ТПУ  |d 2013 
215 |a 53 с.  |c ил. 
320 |a Библиогр.: с. 52-53. 
330 |a В данном пособии приведено структурированное содержание основных разделов и тем дисциплины Б2.Б2.3 «Физика 3», изучаемой студентами в течение третьего учебного семестра, с методическими указаниями по каждой теме. Изложены темы практических занятий и лабораторных работ. Даны методические указания по выполнению двух контрольных индивидуальных заданий, приведено большое число примеров решения задач с подробными объяснениями, а также варианты задач для выполнения индивидуальных заданий № 5 и 6. Представлен подробный список рекомендуемой литературы. Предназначено для студентов ИПР, ИФВТ и ИК, обучающихся по направлениям 200500 «Метрология, стандартизация и сертификация», 240100 «Химическая технология», 240700 «Биотехнология», 241000 «Энерго- и ресурсосберегающие процессы в химической технологии, нефтехимии и биологии», 022000 «Экология и природопользование», 280100 «Природообустройство и водопользование», 240801 «Машины и аппараты химических производств» 
452 1 |0 (RuTPU)RU\TPU\book\283876  |t Оптика. Атомная и ядерная физика  |o учебное пособие  |f Э. В. Поздеева, Л. И. Семкина, Э. Б. Шошин  |g Национальный исследовательский Томский политехнический университет (ТПУ), Физико-технический институт (ФТИ), Кафедра общей физики (ОФ)  |c Томск  |n Изд-во ТПУ  |d 2013  |a Поздеева, Эльвира Вадимовна 
606 1 |a Оптика  |2 stltpush  |3 (RuTPU)RU\TPU\subj\67665  |9 83386 
606 1 |a Ядерная, атомная, молекулярная физика  |2 stltpush  |3 (RuTPU)RU\TPU\subj\68877  |9 83976 
610 1 |a физика 
610 1 |a методические указания 
610 1 |a индивидуальные домашние задания 
610 1 |a практические занятия 
610 1 |a лабораторные работы 
610 1 |a задачи 
610 1 |a решения 
610 1 |a волновая оптика 
610 1 |a квантовая физика 
610 1 |a твердые тела 
610 1 |a элементарные частицы 
610 1 |a учебные пособия 
610 1 |a труды учёных ТПУ 
675 |a 535(075.8)  |v 3 
675 |a 539.1(075.8)  |v 3 
700 1 |a Поздеева  |b Э. В.  |c физик  |c доцент Томского политехнического университета, кандидат технических наук  |f 1944-  |g Эльвира Вадимовна  |2 stltpush  |3 (RuTPU)RU\TPU\pers\26936 
701 1 |a Семкина  |b Л. И.  |c физик  |c доцент Томского политехнического университета, кандидат технических наук  |f 1945-  |g Людмила Иосифовна  |2 stltpush  |3 (RuTPU)RU\TPU\pers\27961 
701 1 |a Шошин  |b Э. Б.  |c физик  |c доцент Томского политехнического университета, кандидат физико-математических наук  |f 1945-  |g Эдуард Борисович  |2 stltpush  |3 (RuTPU)RU\TPU\pers\28288 
712 0 2 |a Национальный исследовательский Томский политехнический университет (ТПУ)  |c (2009- )  |2 stltpush  |3 (RuTPU)RU\TPU\col\15902 
801 1 |a RU  |b 63413507  |c 20140304 
801 2 |a RU  |b 63413507  |c 20200115  |g RCR 
942 |c BK